Most Popular Girl Names by Year - Statistics

General Stats
  • This quiz has been taken 128 times
  • The average score is 5 of 10
Answer Stats
Year Name % Correct
1960-1963 Mary
68%
2008 Emma
58%
2000-2007 Emily
53%
2011-2015 Sophia
52%
1970-1984 Jennifer
47%
1985-1990 Jessica
47%
1996-1999 Jessica
47%
2009&2010 Isabella
34%
1964-1969 Lisa
30%
1991-1992 Ashley
28%
No matching quizzes found
Score Distribution
Percent of People with Each Score
Percentile by Number Answered
Your Score History
You have not taken this quiz